75 Amazing Indians Who Made A Difference (Record no. 41482)

MARC details
000 -LEADER
fixed length control field 00382nam a2200133Ia 4500
008 - FIXED-LENGTH DATA ELEMENTS--GENERAL INFORMATION
fixed length control field 240719s9999 xx 000 0 und d
041 ## - LANGUAGE CODE
Language code of text/sound track or separate title eng
082 ## - DEWEY DECIMAL CLASSIFICATION NUMBER
Classification number 920 GUP
100 ## - MAIN ENTRY--PERSONAL NAME
Personal name Gupta, K. Vishal
245 ## - TITLE STATEMENT
Title 75 Amazing Indians Who Made A Difference
260 ## - PUBLICATION, DISTRIBUTION, ETC.
Place of publication, distribution, etc. New Dehli
Name of publisher, distributor, etc. Vitasta Publishing Pvt
Date of publication, distribution, etc. 2024
300 ## - PHYSICAL DESCRIPTION
Extent 369;. P. 21 cm
520 ## - SUMMARY, ETC.
Summary, etc. Faculty Purchase by Dr.Veena Pailwar
Holdings
Withdrawn status Lost status Damaged status Not for loan Home library Current library Shelving location Date acquired Source of acquisition Cost, normal purchase price Total Checkouts Total Holds Full call number Barcode Date due Date last seen Date last checked out Price effective from Koha item type
        IMTN IMTN Rack 43-B 03/18/2024 Amazon 495.00 1 5369 920 GUP 33531 10/20/2024 07/21/2024 07/21/2024 03/18/2024 Books
Designed & Maintained by: LRC IMT Nagpur Contact: lrc@imtnag.ac.in© 2024. All Rights Reserved.